000 00320nam a2200097Ia 4500
001 1290435
005 20260417164515.0
008 260417s9999 xx 000 0 und d
245 0 _aKAHRAMAN TÜRK DENİZCİLERİ GEMİLERİ İLK KEZ KARADAN YÜRÜTEN REİS UMUR BEY
_cİSMAİL BİLGİN
260 _bTİMAŞ ÇOCUK YAYINLARI
999 _c1290435
_d1290435